La Geografía histórica de América Central: algunos puntos de partida /
Guardado en:
| 主要作者: | |
|---|---|
| 格式: | Texto |
| 主題: | |
| 標簽: |
添加標簽
沒有標簽, 成為第一個標記此記錄!
|
MARC
| LEADER | 00000 a a2200000 04500 | ||
|---|---|---|---|
| 001 | 15558 | ||
| 003 | |||
| 040 | |||
| 100 | |a Hall, Carolyn | ||
| 245 | |a La Geografía histórica de América Central: |b algunos puntos de partida / |c Carolyn Hall | ||
| 650 | |a GEOGRAFIA | ||
| 650 | |a HISTORIA | ||
| 650 | |a HISTORIA SOCIAL | ||
| 650 | |a GEOGRAFIA CULTURAL | ||
| 650 | |a GEOGRAFIA POLITICA | ||
| 650 | |a ASPECTOS DEMOGRAFICOS | ||
| 650 | |a ASPECTOS GEOGRAFICOS | ||
| 773 | |g número 15 -16, ESPECIAL; páginas 21-38 | ||
| 999 | |c 30736 |d 30736 | ||
